Miasta województwa Dolnośląskiego - Statystyki

Ogólne statystyki
  • Ten quiz został rozwiązany 19 razy
  • Średni wynik to 44 z 93
Statystyki odpowiedzi
Powiat Miasto % Poprawnych
bolesławiecki Bolesławiec
94%
dzierżoniowski Dzierżoniów
88%
miasto na prawach powiatu Wrocław
88%
kłodzki Kłodzko
82%
głogowski Głogów
76%
miasto na prawach powiatu Jelenia Góra
76%
lubański Lubań
76%
lubiński Lubin
76%
oławski Oława
76%
oleśnicki Oleśnica
76%
świdnicki Świdnica
76%
miasto na prawach powiatu Wałbrzych
76%
złotoryjski Złotoryja
76%
górowski Góra
71%
jaworski Jawor
71%
miasto na prawach powiatu Legnica
71%
lwówecki Lwówek Śląski
71%
średzki Środa Śląska
71%
strzeliński Strzelin
71%
trzebnicki Trzebnica
71%
zgorzelecki Zgorzelec
71%
kłodzki Kudowa-Zdrój
65%
polkowicki Polkowice
65%
świdnicki Świebodzice
65%
ząbkowicki Ząbkowice Śląskie
65%
kamiennogórski Kamienna Góra
59%
karkonoski Karpacz
59%
kłodzki Lądek-Zdrój
59%
kłodzki Polanica-Zdrój
59%
karkonoski Szklarska Poręba
59%
wołowski Wołów
59%
dzierżoniowski Bielawa
53%
kłodzki Duszniki-Zdrój
53%
oławski Jelcz-Laskowice
53%
wrocławski Kąty Wrocławskie
53%
kłodzki Nowa Ruda
53%
lubański Świeradów-Zdrój
53%
ząbkowicki Bardo
47%
zgorzelecki Bogatynia
47%
wołowski Brzeg Dolny
47%
kłodzki Bystrzyca Kłodzka
47%
karkonoski Kowary
47%
dzierżoniowski Pieszyce
47%
świdnicki Strzegom
47%
jaworski Bolków
41%
lwówecki Gryfów Śląski
41%
świdnicki Jaworzyna Śląska
41%
ząbkowicki Kamieniec Ząbkowicki
41%
lubański Leśna
41%
kamiennogórski Lubawka
41%
kłodzki Międzylesie
41%
dzierżoniowski Niemcza
41%
lubiński Ścinawa
41%
wrocławski Sobótka
41%
ząbkowicki Złoty Stok
41%
wałbrzyski Boguszów-Gorce
35%
legnicki Chojnów
35%
lwówecki Mirsk
35%
trzebnicki Oborniki Śląskie
35%
karkonoski Piechowice
35%
zgorzelecki Pieńsk
35%
legnicki Prochowice
35%
wrocławski Siechnice
35%
kłodzki Stronie Śląskie
35%
złotoryjski Świerzawa
35%
oleśnicki Syców
35%
świdnicki Żarów
35%
ząbkowicki Ziębice
35%
trzebnicki Żmigród
35%
oleśnicki Bierutów
29%
polkowicki Chocianów
29%
wałbrzyski Głuszyca
29%
wałbrzyski Jedlina-Zdrój
29%
bolesławiecki Nowogrodziec
29%
lubański Olszyna
29%
kłodzki Radków
29%
wałbrzyski Szczawno-Zdrój
29%
kłodzki Szczytna
29%
oleśnicki Twardogóra
29%
strzeliński Wiązów
29%
lwówecki Wleń
29%
złotoryjski Wojcieszów
29%
lwówecki Lubomierz
24%
oleśnicki Międzybórz
24%
wałbrzyski Mieroszów
24%
milicki Milcz
24%
dzierżoniowski Piława Górna
24%
górowski Wąsosz
24%
zgorzelecki Węgliniec
24%
zgorzelecki Zawidów
24%
średzki Miękinia
18%
trzebnicki Prusice
18%
polkowicki Przemków
18%
Nie znaleziono quizów pasujących do podanych kryteriów
Rozkład punktacji
Procent ludzi z każdym wynikiem
Percentyl według liczby udzielonych odpowiedzi
Twoja historia wyników
Nie rozwiązałeś tego quizu